Score 0/40 Timer 10:00
4 Plays Today
% Correct
spring break
91.2%
Buffy Summers
90.7%
spring roll
89.2%
Niagara Falls
88.4%
box spring
88.2%
summer sausage
88%
winter melon
87.1%
nuclear winter
86.6%
Winter Palace
82.3%
Winter Wonderland
82.1%
I Know What You Did Last Summer
81.8%
Donna Summer
79.6%
The Boys of Summer
74.9%
Summer of '69
70.6%
Arab Spring
70.2%
(500) Days of Summer
67.8%
Shelley Winters
66.3%
Marc Summers
64.2%
Decline and Fall of the Roman Empire
63.9%
Alice Springs
62.7%
% Correct
Why Do Fools Fall in Love
62%
Legends of the Fall
61.6%
The Fall Guy
60.9%
Jonathan Winters
58.7%
Hot Springs
56%
The Winter's Tale
54.8%
The Fall of the House of Usher
54.4%
Edgar Winter Group
54.1%
Albert Fall
53.9%
Cold Spring Harbor
53.3%
The Lion in Winter
51.4%
Cruel Summer
49%
The Rite of Spring
47.7%
Summer Sanders
47.4%
Winter's Bone
45.6%
Appalachian Spring
34.3%
Spring Awakening
33.3%
Things Fall Apart
32.4%
After the Fall
28%
The Fall
20.8%

You're not logged in!

Compare scores with friends on all Sporcle quizzes.
OR
Log In

Sporcle TV

Today on Sporcle TV


Watch our educational content, quiz creation guides, and fun videos on Sporcle TV.

Show Comments

Extras

Top Quizzes Today


Score Distribution

Paid Content

Your Account Isn't Verified!

In order to create a playlist on Sporcle, you need to verify the email address you used during registration. Go to your Sporcle Settings to finish the process.

Report this User

Report this user for behavior that violates our Community Guidelines.

Details: